000 00526nam a2200181Ia 4500
003 IN-BaIIA
008 211028s9999 xx 000 0 eng d
020 _a2-86332-015-7
040 _cIIA Library
080 _a524.85
_bTHE
100 _aAudouze, J.
_911166
245 4 _aThe birth of the universe
_cJ. Audouze
260 _aFrance
_bEditions Frontiers
_c1982
300 _a395p.
650 _aAstronomy
_980
650 _aAstronomy and astrophysics thesaurus
942 _cBK
999 _c8077
_d8077